Tous les lauréats français aux Golden Globes - Statistiques

Statistiques générales
  • Ce quiz a été pris 43 fois
    23 depuis la dernière actualisation
  • Le résultat moyen est 17 sur 51
Statistiques - réponses
Année Film / réalisateur % Correct
Meilleur film étranger 1991 Cyrano {de Bergerac}
100%
Meilleur acteur 2012 Jean {Dujardin}
95%
Meilleur acteur 1991 Gérard {Depardieu}
90%
Meilleure actrice 2008 Marion {Cotillard}
90%
Meilleur réalisateur 1975 Roman {Polanski}
90%
Meilleur Film musical 2012 The {Artist}
90%
Meilleure musique 2012 The {Artist}
90%
Meilleure actrice 2017 Isabelle {Huppert}
81%
Meilleure musique 2018 La forme {de l'eau}
71%
Meilleure musique 1997 Le {patient} anglais
71%
Meilleure musique 1966 {Docteur} Jivago
67%
Meilleur film étranger 1980 La Cage {aux folles}
67%
Meilleure actrice 1966 Anouk {Aimée}
48%
Compositeur Meilleure musique 2007 Alexandre {Desplat}
43%
Compositeur Meilleure musique 2018 Alexandre {Desplat}
43%
Meilleur film étranger 2008 Le {Scaphandre et le} Papillon
38%
D'honneur 1959 Maurice {Chevalier}
38%
Compositeur Meilleure musique 1966 Maurice {Jarre}
38%
Compositeur Meilleure musique 1985 Maurice {Jarre}
38%
Compositeur Meilleure musique 1989 Maurice {Jarre}
38%
Compositeur Meilleure musique 1996 Maurice {Jarre}
38%
Compositeur Meilleure musique 1969 Michel {Legrand}
38%
Meilleure musique 1971 {Love} story
33%
Meilleur film étranger 1967 Un {homme et une} femme
29%
Meilleure musique 1989 Gorilles {dans la brume}
24%
Meilleure musique 1985 La {Route des} Indes
24%
Compositeur/trice Meilleure chanson 1971 Francis {Lai}
19%
Meilleur film étranger 1996 Les {Misérables}
19%
Meilleur film étranger 1998 Ma vie {en rose}
19%
Meilleur film étranger 1960 Orfeu {Negro}
19%
Meilleur film étranger 2017 Elle
14%
Meilleure chanson 1969 L'Affaire {Thomas Crown}
14%
Meilleure actrice 1964 Leslie {Caron}
14%
Compositeur Meilleure musique 2012 Ludovic {Bource}
14%
Compositeur Meilleure musique 1997 Gabriel {Yared}
10%
Meilleur film étranger 1993 Indochine
10%
Meilleur film étranger 1971 Le passager {de la pluie}
10%
Meilleure musique 2007 Le {voile des} illusions
10%
Meilleur film étranger 2013 Amour
5%
Meilleur Film dramatique 1975 Chinatown
5%
Meilleur film étranger 1970 Z
5%
Compositeur/trice Meilleure chanson 1969 Alan {Bergman}
0%
Meilleur espoir 1953 Colette {Marchand}
0%
Meilleur second rôle 1953 Colette {Marchand}
0%
Meilleur film étranger 1995 Farinelli
0%
Meilleur film étranger 2018 In the {fade}
0%
Meilleur second rôle 1967 Jocelyne {LaGarde}
0%
Meilleure musique 1996 Les {vendanges de} feu
0%
Compositeur/trice Meilleure chanson 1969 Marilyn {Bergman}
0%
Meilleur film étranger 1982 Tess
0%
Meilleur film étranger 1968 Vivre {pour vivre}
0%
Aucun quiz correspondant
Distribution des résultats
% des personnes avec chaque résultat
Percentile par nombre de réponses
Votre historique - résultats
Vous n’avez pas pris ce quiz depuis la dernière actualisation